Rules of engagement (Record no. 77343)
[ view plain ]
| 000 -LEADER | |
|---|---|
| fixed length control field | 01034cab a2200205 4500 |
| 001 - CONTROL NUMBER | |
| control field | ##L134046 |
| 008 - FIXED-LENGTH DATA ELEMENTS--GENERAL INFORMATION | |
| fixed length control field | 060704n2006 000 0 eng u |
| 035 ## - SYSTEM CONTROL NUMBER | |
| System control number | (Sirsi) u134046 |
| 041 0# - LANGUAGE CODE | |
| Language code of text/sound track or separate title | eng |
| 100 1# - MAIN ENTRY--PERSONAL NAME | |
| Personal name | Hughes-D'Aeth, John |
| 245 00 - TITLE STATEMENT | |
| Title | Rules of engagement |
| 260 ## - PUBLICATION, DISTRIBUTION, ETC. | |
| Date of publication, distribution, etc. | 2006 |
| 490 #0 - SERIES STATEMENT | |
| Series statement | Building |
| Volume/sequential designation | 271(8437) 30 June 2006, 66(1) |
| 520 ## - SUMMARY, ETC. | |
| Summary, etc. | Examines the draft Construction Industry Council Consultants' Contract (2006 Edition), a contract intended for experienced clients working with experienced consultants on major construction projects. Suggests that the contract is well drafted and flexible enough to cater for different procurement methods and fee structures. Highlights how the contract has dealt with various difficult issues and discusses the inclusion of a limitation of liability provision. |
| 590 ## - LOCAL NOTE (RLIN) | |
| Local note | IKA040706 |
| 650 24 - SUBJECT ADDED ENTRY--TOPICAL TERM | |
| Topical term or geographic name entry element | CIC CONSULTANTS' CONTRACT (2006 EDITION) |
| 651 #4 - SUBJECT ADDED ENTRY--GEOGRAPHIC NAME | |
| Geographic name | GREAT BRITAIN |
| 690 ## - LOCAL SUBJECT ADDED ENTRY--TOPICAL TERM (OCLC, RLIN) | |
| Topical term or geographic name as entry element | BUILT ENVIRONMENT-BUILDING CONTRACT FORMS-STANDARD FORMS OF BUILDING CONTRACT |
| 942 ## - ADDED ENTRY ELEMENTS (KOHA) | |
| Suppress in OPAC | 0 |
| Withdrawn status | Lost status | Source of classification or shelving scheme | Damaged status | Not for loan | Home library | Current library | Shelving location | Date acquired | Total Checkouts | Full call number | Barcode | Date last seen | Copy number | Price effective from | Koha item type |
|---|---|---|---|---|---|---|---|---|---|---|---|---|---|---|---|
| Dewey Decimal Classification | London | London | Journal article | 04/07/2006 | L134046 | 134046-1001 | 06/08/2019 | 1 | 06/08/2019 | Journal article |